<?xml version="1.0" encoding="UTF-8"?>
<record
    xmlns:xsi="http://www.w3.org/2001/XMLSchema-instance"
    xsi:schemaLocation="http://www.loc.gov/MARC21/slim http://www.loc.gov/standards/marcxml/schema/MARC21slim.xsd"
    xmlns="http://www.loc.gov/MARC21/slim">

  <leader>00984nam0a2200265   4500</leader>
  <controlfield tag="001">RU\NLR\BIBL_A\011693128</controlfield>
  <controlfield tag="005">20250626112154.0</controlfield>
  <datafield tag="035" ind1=" " ind2=" ">
    <subfield code="a">(NLR Aleph) 011693128</subfield>
  </datafield>
  <datafield tag="090" ind1=" " ind2=" ">
    <subfield code="a">11349621</subfield>
    <subfield code="c">11349621</subfield>
  </datafield>
  <datafield tag="100" ind1=" " ind2=" ">
    <subfield code="a">20180507d1981    |||y0rusy50      ca</subfield>
  </datafield>
  <datafield tag="101" ind1="0" ind2=" ">
    <subfield code="a">ava</subfield>
  </datafield>
  <datafield tag="102" ind1=" " ind2=" ">
    <subfield code="a">RU</subfield>
  </datafield>
  <datafield tag="105" ind1=" " ind2=" ">
    <subfield code="a">y   z   000cy</subfield>
  </datafield>
  <datafield tag="200" ind1="9" ind2=" ">
    <subfield code="a">&#x414;&#x438;&#x440; &#x437;&#x430;&#x445;I&#x43C;&#x430;&#x442; - &#x434;&#x438;&#x440; &#x442;&#x430;&#x43B;&#x438;&#x445;I</subfield>
    <subfield code="e">&#x43E;&#x447;&#x435;&#x440;&#x43A;&#x430;&#x43B;</subfield>
    <subfield code="f">&#x413;I. &#x41C;. &#x413;I&#x430;&#x43B;&#x438;&#x435;&#x432;</subfield>
  </datafield>
  <datafield tag="210" ind1=" " ind2=" ">
    <subfield code="a">&#x41C;&#x430;&#x445;&#x430;&#x447;&#x43A;&#x430;&#x43B;&#x430;</subfield>
    <subfield code="c">&#x414;&#x430;&#x433;&#x443;&#x447;&#x43F;&#x435;&#x434;&#x433;&#x438;&#x437;</subfield>
    <subfield code="d">1981</subfield>
  </datafield>
  <datafield tag="215" ind1=" " ind2=" ">
    <subfield code="a">149,[1] &#x441;.</subfield>
    <subfield code="d">16</subfield>
  </datafield>
  <datafield tag="300" ind1=" " ind2=" ">
    <subfield code="a">&#x41D;&#x430; &#x43E;&#x431;&#x43B;. &#x430;&#x432;&#x442;. &#x43D;&#x435; &#x443;&#x43A;&#x430;&#x437;&#x430;&#x43D;</subfield>
  </datafield>
  <datafield tag="541" ind1="1" ind2=" ">
    <subfield code="6">z01790</subfield>
    <subfield code="a">&#x421;&#x447;&#x430;&#x441;&#x442;&#x44C;&#x435; &#x43C;&#x43E;&#x435;-&#x432; &#x442;&#x440;&#x443;&#x434;&#x435;</subfield>
    <subfield code="e">&#x434;&#x43B;&#x44F; &#x441;&#x440;&#x435;&#x434;. &#x438; &#x441;&#x442;. &#x448;&#x43A;. &#x432;&#x43E;&#x437;&#x440;&#x430;&#x441;&#x442;&#x430;</subfield>
    <subfield code="z">rus</subfield>
  </datafield>
  <datafield tag="686" ind1="1" ind2=" ">
    <subfield code="a">&#x428;9(2)6=&#x410;&#x432;-46</subfield>
  </datafield>
  <datafield tag="700" ind1=" " ind2="1">
    <subfield code="a">&#x413;&#x406;&#x430;&#x43B;&#x438;&#x435;&#x432;</subfield>
    <subfield code="b">&#x413;&#x4C0;.-&#x41C;.</subfield>
    <subfield code="g">&#x413;&#x4C0;&#x438;&#x441;&#x430;&#x43B;-&#x41C;&#x443;&#x445;&#x4C0;&#x430;&#x43C;&#x430;&#x434;</subfield>
    <subfield code="4">070</subfield>
  </datafield>
  <datafield tag="790" ind1=" " ind2="1">
    <subfield code="6">z01790</subfield>
    <subfield code="a">&#x410;&#x43B;&#x438;&#x435;&#x432;</subfield>
    <subfield code="b">&#x418;.-&#x41C;. &#x418;.</subfield>
    <subfield code="g">&#x418;&#x441;&#x430;&#x43B;-&#x41C;&#x430;&#x433;&#x43E;&#x43C;&#x435;&#x434; &#x418;&#x441;&#x430;&#x435;&#x432;&#x438;&#x447;</subfield>
    <subfield code="4">070</subfield>
  </datafield>
  <datafield tag="852" ind1=" " ind2=" ">
    <subfield code="a">NLR</subfield>
    <subfield code="b">&#x41E;&#x41D;&#x41B;</subfield>
    <subfield code="j">&#x410;&#x432;&#x430;&#x440;./2-1121</subfield>
  </datafield>
  <datafield tag="942" ind1=" " ind2=" ">
    <subfield code="c">BOOK</subfield>
  </datafield>
  <datafield tag="980" ind1=" " ind2=" ">
    <subfield code="a">NB</subfield>
  </datafield>
  <datafield tag="995" ind1=" " ind2=" ">
    <subfield code="5">2018-05-07</subfield>
    <subfield code="b">NLR01</subfield>
    <subfield code="c">NLR01</subfield>
    <subfield code="e">ONL</subfield>
    <subfield code="f">1-1438298</subfield>
    <subfield code="k">&#x41E;&#x41D;&#x41B; &#x410;&#x432;&#x430;&#x440;./2-1121</subfield>
    <subfield code="o">0</subfield>
    <subfield code="r">BOOK</subfield>
    <subfield code="s">_21121</subfield>
  </datafield>
</record>
